Statistics for Most Googled Countries In Each Country In The Americas

Click here to take the quiz!

General Stats

  • This quiz has been taken 29 times
  • The average score is 26 of 36

Answer Stats

CountryMost Searched% Correct
Antigua and BarbudaUnited States
100%
ArgentinaBrazil
96%
BahamasUnited States
92%
BarbadosUnited States
92%
BelizeUnited States
92%
CanadaUnited States
88%
Costa RicaUnited States
88%
CubaUnited States
88%
DominicaUnited States
88%
BrazilArgentina
85%
ChileArgentina
85%
ParaguayBrazil
77%
Dominican RepublicHaiti
77%
United StatesMexico
77%
GuatemalaMexico
77%
El SalvadorMexico
77%
JamaicaUnited States
77%
Trinidad and TobagoUnited States
77%
Saint Vincent and the GrenadinesUnited States
77%
Saint Kitts and NevisUnited States
77%
PanamaUnited States
77%
VenezuelaUnited States
77%
GrenadaUnited States
77%
Saint LuciaUnited States
73%
MexicoUnited States
73%
EcuadorColombia
69%
UruguayArgentina
58%
HaitiFrance
58%
SurinameNetherlands
54%
ColombiaSpain
54%
BoliviaSpain
54%
GuyanaVenezuela
50%
NicaraguaSpain
46%
PeruSpain
46%
HondurasSpain
42%
France (French Guiana)Spain
42%

Score Distribution

Percentile by Number Answered

Percent of People with Each Score

Your Score History

You have not taken this quiz